LEADER 01503nam 2200505 450 001 9910466748003321 005 20200520144314.0 010 $a1-5015-0201-8 035 $a(CKB)3850000000000799 035 $a(MiAaPQ)EBC4851856 035 $a(Au-PeEL)EBL4851856 035 $a(CaPaEBR)ebr11380703 035 $a(CaONFJC)MIL1008613 035 $a(OCoLC)986138225 035 $a(EXLCZ)993850000000000799 100 $a20170519h20172017 uy 0 101 0 $aeng 135 $aurcnu|||||||| 181 $2rdacontent 182 $2rdamedia 183 $2rdacarrier 200 10$aSpeech $ea dynamic process /$fRene Carre, Pierre Divenyi, Mohamad Mrayati 210 1$aBerlin, [Germany] ;$aBoston, [Massachusetts] :$cDe Gruyter,$d2017. 210 4$dİ2017 215 $a1 online resource (242 pages) 311 $a1-5015-1060-6 320 $aIncludes bibliographical references and index. 606 $aSpeech$xPhysiological aspects 606 $aVoice$xPhysiological aspects 606 $aSpeech processing systems 608 $aElectronic books. 615 0$aSpeech$xPhysiological aspects. 615 0$aVoice$xPhysiological aspects. 615 0$aSpeech processing systems. 676 $a612.7/8 700 $aCarre?$b R.$0985600 702 $aDivenyi$b Pierre$f1937- 702 $aMrayati$b Mohamad 801 0$bMiAaPQ 801 1$bMiAaPQ 801 2$bMiAaPQ 906 $aBOOK 912 $a9910466748003321 996 $aSpeech$92252894 997 $aUNINA LEADER 03697nam 2200709 450 001 9910808871503321 005 20230807210945.0 010 $a1-68015-767-1 010 $a3-11-038886-3 010 $a3-11-029219-X 024 7 $a10.1515/9783110292190 035 $a(CKB)3360000000514950 035 $a(EBL)1692407 035 $a(OCoLC)905378301 035 $a(SSID)ssj0001459694 035 $a(PQKBManifestationID)12473648 035 $a(PQKBTitleCode)TC0001459694 035 $a(PQKBWorkID)11477593 035 $a(PQKB)10226032 035 $a(DE-B1597)177733 035 $a(OCoLC)919002786 035 $a(OCoLC)979589167 035 $a(DE-B1597)9783110292190 035 $a(MiAaPQ)EBC1692407 035 $a(Au-PeEL)EBL1692407 035 $a(CaPaEBR)ebr11049422 035 $a(CaONFJC)MIL808280 035 $a(EXLCZ)993360000000514950 100 $a20140929h20152015 uy| 0 101 0 $aeng 135 $aur||#|||||||| 181 $ctxt 182 $cc 183 $acr 200 10$aPolymerisation of ethylene $ein slurry loop reactors /$fPaul Allemeersch 210 1$aBerlin ;$aBoston :$cWalter de Gruyter GmbH & Co., KG,$d[2015] 210 4$dİ2015 215 $a1 online resource (206 p.) 300 $aDescription based upon print version of record. 311 $a3-11-029214-9 320 $aIncludes bibliographical references and index. 327 $tFront matter --$tPreface --$tContents --$t1. Introduction to the Slurry Loop Process --$t2. The Loop Reactor Circulation Pump Power --$t3. The Functioning of the Settling Legs --$t4. The Settling of the Polymer in the Settling Legs --$t5. Catalyst Activity and Productivity --$t6. The 1/1 Hypothesis --$t7. Catalyst Residence Time Distribution --$t8. Catalyst Activity Profiles from Full Scale Loop Data --$t9. Conversions of the Reactants --$t10. The Ethylene Concentration Profile in the Loop Reactor --$t11. A Simple Model for the Slurry Loop Reactor --$t12. Establishing Correlations from Loop Reactor Data by Linear Regression --$t13. Scaling-Up from Bench Reactor to Loop Reactor --$t14. The Operation of Two Loop Reactors in Series --$tIndex 330 $aThis book presents all information necessary to understand the functioning of a slurry loop reactor for the polymerisation of ethylene into high density polyethylene, and to operate it accordingly. All discussions are based on experimental data from the operation of full scale commercial loop reactors. Methods for off-line modelling and scaling-up from lab to full scale are included, as well as the answers to important questions on the running of two loop reactors in series. Building knowledge from full scale industrial experience. This highly accessible book makes one understand the functioning of slurry loop reactors for the polymerisation of ethylene, and how to operate them. Its methods include off-line modelling, scaling-up and running reactors in series. It is inspiring for all production and process engineers, showing, for the first time, how with full scale reactor data the link is made between firm basic theory and the most practical operating guidelines. 606 $aPolyethylene 606 $aEthylene 606 $aPolymers 610 $aPolyethylene. 610 $aPolymerization. 610 $aPolymers. 610 $aSlurry Loop Reactor. 615 0$aPolyethylene. 615 0$aEthylene. 615 0$aPolymers. 676 $a668.4/23 700 $aAllemeersch$b Paul$01642143 801 0$bMiAaPQ 801 1$bMiAaPQ 801 2$bMiAaPQ 906 $aBOOK 912 $a9910808871503321 996 $aPolymerisation of ethylene$93986687 997 $aUNINA